000 00792nab a2200241u 4500
001 23281
003 HDC
007 c| |||a|c|aaaa
008 210316b20141030my ||||| |||| 00| 0 may d
040 _aHDC
100 _aSalehudin Mat Rasad /
_eAuthor
_911078
245 0 _aProjek Agropolitan Pekan beri manfaat berganda /
_cSalehudin Mat Rasad
336 _atext
_2rdacontent
337 _acomputer
_2rdamedia
338 _aonline resource
_2rdacarrier
650 _aAgropolitan project
_919934
650 _aFELDA
_98682
710 _aUTUSAN MALAYSIA
856 _zRequest full-text at [email protected]
942 _2lcc
942 _cNEWS
942 _kNWSC 005125
999 _c20597
_d20597